Every resident of the dumping ground - Statistics

General Stats
  • This quiz has been taken 167 times
  • The average score is 37 of 77
Answer Stats
Hint Answer % Correct
Care worker Mike
92%
Resident Tracy
84%
Care Worker Gina
80%
Resident Tee
80%
Resident Carmen
78%
Resident Jody
77%
Care Worker May-Li
77%
Resident Tyler
75%
Resident Johnny
73%
Resident Lily
72%
Resident Bailey
70%
Resident Floss
70%
Resiident Frank
70%
Resident Harry
70%
Resident Justine
69%
Resident Faith
66%
Resident Elektra
63%
Resident Gus
63%
Resident Rick
63%
Resident Sasha
61%
Resident Billie
59%
Resident Liam
59%
Resident Ryan
59%
Resident Ryan
59%
Resident Toni
59%
Resident Chloe
56%
Social Worker Elaine
56%
Resident Candi-Rose
55%
Cook Duke
53%
Resident Sapphire
52%
Care Worker Sid
52%
Resident Sid
52%
Resident Taz
52%
Resident Finn
50%
Resident Kazima
50%
Resident Louise
48%
Resident Alex
47%
Resident Dexter
47%
Resident Jay
47%
Resident Mo
47%
Care Worker Scott
47%
Resident Bird
45%
Dog Mischief
45%
Resident Bouncer
44%
Care worker Jenny
44%
Resident Rosie
44%
Resident Charlie
42%
Resident Katy
42%
Resident Poppy
42%
Resident Toby
41%
Resident Joseph
39%
Resident Archie
34%
Resident Bec
34%
Resident Roxy
34%
Resident Viv
34%
Resident Jackie
33%
Resident Rio
33%
Resident Dolly
31%
Resident Peter
31%
Resident Adele
30%
Resident Chantal
30%
Resident Crash
30%
Care Worker Shelly
30%
Resident Maxy
28%
Resident Layla
27%
Resident Amber
25%
Resident Hayley
23%
Resident Zac
23%
Resident Milly
22%
Resident Wolfie
22%
Resident Marco
20%
Care Workr Nathan
20%
Resident Michael
19%
Resident Rebecca
17%
Resident Alice
14%
Resident Nazeer
14%
Resident Loll
9%
No matching quizzes found
Score Distribution
Percent of People with Each Score
Percentile by Number Answered
Your Score History
You have not taken this quiz